|
|
|
|
| LEADER |
00000cam a2200000 a 4500 |
| 001 |
vtls008703818 |
| 003 |
SK-MaSNL |
| 005 |
20260426002127.0 |
| 008 |
240318s2006 xo f l 001 0 slo |
| 015 |
|
|
|a SNBI2007/01-00455
|
| 020 |
|
|
|a 8080780781
|q (viaz.)
|
| 035 |
|
|
|a urn:nbn:sk:snk-am00a1l9
|
| 035 |
|
|
|a urn:nbn:sk:snk-am3hd9d
|
| 035 |
|
|
|a D6A4724C-EEE9-4418-A8DD-2731BF823EEF
|
| 040 |
|
|
|a SNK
|b slo
|c SNK
|e AACR2
|
| 041 |
0 |
|
|a slo
|
| 043 |
|
|
|a e-xo---
|
| 044 |
|
|
|a xo
|c SK
|
| 072 |
|
7 |
|a 343
|x Trestné právo
|2 konspekt
|
| 080 |
|
|
|a 343
|2 2001
|
| 080 |
|
|
|a (437.6)
|2 2001
|
| 080 |
|
|
|a (094.5)
|2 2001
|
| 080 |
|
|
|a (0.072)
|2 2001
|
| 100 |
1 |
|
|a Samaš, Ondrej,
|d 1955-
|4 aut
|9 249876
|
| 245 |
1 |
0 |
|a Trestný zákon
|b stručný komentár
|c Ondrej Samaš, Harald Stiffel, Pavol Toman ; [obálku navrhol Adam Bobro]
|
| 250 |
|
|
|a 1. vyd.
|
| 260 |
|
|
|a Bratislava
|b Iura edition
|c 2006
|
| 300 |
|
|
|a 884 s.
|b 1 príl.
|c 22 cm
|
| 504 |
|
|
|a Obsahuje vecný register
|
| 650 |
0 |
7 |
|a trestné právo
|2 SNKPH
|9 984
|
| 650 |
0 |
7 |
|a trestná zodpovednosť
|2 SNKPH
|9 4533
|
| 650 |
0 |
7 |
|a trestné činy
|2 SNKPH
|9 2181
|
| 651 |
|
7 |
|a Slovensko
|2 SNKPH
|9 14231
|
| 655 |
|
7 |
|a zákony
|2 SNKPH
|9 70186
|
| 655 |
|
7 |
|a komentáre
|2 SNKPH
|9 70412
|
| 700 |
1 |
|
|a Stiffel, Harald,
|d 1943-2022
|4 aut
|9 6812
|
| 700 |
1 |
|
|a Toman, Pavol
|4 aut
|9 329191
|
| 700 |
1 |
|
|a Bobro, Adam
|4 bjd
|9 310114
|
| 787 |
0 |
8 |
|a Slovensko
|s Trestný zákon (2005)
|
| 919 |
|
|
|a 80-8078-078-1
|
| 958 |
|
|
|a OND
|
| 999 |
|
|
|c 910489
|d 912419
|
| 952 |
|
|
|a SNK
|b SNK
|y PREZ
|7 0
|p 17A0511366
|o snkSC 123775
|i snk2006/10462
|8 0
|0 0
|1 0
|4 0
|d 2006-05-25
|f 1
|l 0
|r 2025-06-05 00:00:00
|w 2026-02-24
|
| 952 |
|
|
|a SNK
|b SNK
|y VYP
|7 0
|p 17A0513196
|o snkSC 123775 D1
|i snk2006/11663
|8 0
|0 0
|1 0
|4 0
|d 2006-06-09
|l 0
|r 2026-02-24 07:41:51
|w 2026-02-24
|